书目信息 |
| 题名: |
怎样车削有色金属的工件
|
|
| 作者: | 史庭惠 编 | |
| 分册: | ||
| 出版信息: | 北京 机械工业出版社 1981 |
|
| 页数: | 67页 | |
| 开本: | 19cm | |
| 丛书名: | ||
| 单 册: | ||
| 中图分类: | TG510.6 , TG51 | |
| 科图分类: | ||
| 主题词: | 车削-有色金属 , 有色金属-车削 , 车削 , 车床 | |
| 电子资源: | ||
| ISBN: | ||
| 000 | 00766nam0 2200301 45 | |
| 001 | 0181000050 | |
| 005 | 20040521144059.4 | |
| 010 | @dCNY0.20 | |
| 091 | @a15033.4010 | |
| 100 | @a19950629d1981 em y0chiy0121 ea | |
| 101 | 0 | @achi |
| 102 | @aCN@b110000 | |
| 105 | @ay z 000yy | |
| 106 | @ar | |
| 200 | 10 | @a怎样车削有色金属的工件@Azen yang che xiao you se jin shu de gong jian@f史庭惠编 |
| 205 | @a修订版 | |
| 210 | @a北京@c机械工业出版社@d1981 | |
| 215 | @a67页@d19cm | |
| 606 | @a车削-有色金属 | |
| 606 | @a有色金属-车削 | |
| 606 | 0 | @a车削 |
| 606 | 0 | @a车床 |
| 690 | @aTG510.6@v3 | |
| 690 | @aTG51 | |
| 701 | 0 | @a史庭惠@Ashi ting hui@4编 |
| 801 | 0 | @aCN@b上海图书馆@c20040521 |
| 801 | 2 | @aCN@bNLC@c20040521 |
| 905 | @f1@b17851@dTG51@e2 | |
| 怎样车削有色金属的工件/史庭惠编.-修订版.-北京:机械工业出版社,1981 |
| 67页;19cm |
| ISBN :CNY0.20 |
| ● |
| 相关链接 |
|
|
|
|
正题名:怎样车削有色金属的工件
索取号:TG51/2
 
预约/预借
| 序号 | 登录号 | 条形码 | 馆藏地/架位号 | 状态 | 备注 |
| 1 | 0017851 | 001362974 | 第三借阅区/ [索取号:TG51/2] | 在馆 |